000
00268nam a22001217a 4500
008
260219b ||||| |||| 00| 0 eng d
041
_a
Shqip
080
_a
2.1
100
_a
20.1
101
_a
Romane
245
_a
Gruja e Vetmisë
_c
Ibrahim Berisha
942
_2
lcc
_c
BK
999
_c
60827
_d
60827